书目信息 |
| 题名: |
世界上最伟大的推销员
|
|
| 作者: | 曼狄诺 , Mandinobog 著 ;安辽 译 | |
| 分册: | ||
| 出版信息: | 北京 世界知识出版社 2002.8 |
|
| 页数: | 245页 | |
| 开本: | 21cm | |
| 丛书名: | ||
| 单 册: | ||
| 中图分类: | B848.4 | |
| 科图分类: | ||
| 主题词: | 个人--修养--通俗读物 , 个性心理学 , 人格心理学 | |
| 电子资源: | ||
| ISBN: | 7-5012-1789-0 | |
| 000 | 00878nam0 2200265 45 | |
| 005 | 20041020081711.01 | |
| 010 | @a7-5012-1789-0@dCNY 16.80 | |
| 100 | @a20021010e20022002ekmy0chiy0121 ea | |
| 101 | 1 | @achi@ceng |
| 102 | @aCN@b110000 | |
| 105 | @aa z 000yy | |
| 200 | 1 | @a世界上最伟大的推销员@Ashi jie shang zui wei da de tui xiao yuan@f(美)奥格.曼狄诺著@g安辽译@zeng |
| 210 | @a北京@c世界知识出版社@d2002.8@h2002.10重印 | |
| 215 | @a245页@c图@d21cm | |
| 330 | @a本书简介:本书告诉我们如何对待财富和幸福。读了这本书,我们会觉得生活更充实,目标更明确,人生更有意义。 | |
| 606 | 0 | @a个人@x修养@j通俗读物 |
| 606 | 0 | @a个性心理学 |
| 606 | 0 | @a人格心理学 |
| 690 | @aB848.4@v4 | |
| 701 | 1 | @a曼狄诺@Aman di nuob奥格@4著 |
| 701 | A1 | @aMandinobog@4著 |
| 702 | 0 | @a安辽@Aan liao@4译 |
| 801 | 0 | @aCN@bQSSKa@c20041020 |
| 905 | @dB848.4@eA7601 | |
| 906 | @dCNY16.80@n3@r1 | |
| 世界上最伟大的推销员/(美)奥格.曼狄诺著/安辽译.-北京:世界知识出版社,2002.8(2002.10重印) |
| 245页:图;21cm |
| ISBN 7-5012-1789-0:CNY 16.80 |
| 本书简介:本书告诉我们如何对待财富和幸福。读了这本书,我们会觉得生活更充实,目标更明确,人生更有意义。 |
| ● |
| 相关链接 |
|
|
|
正题名:世界上最伟大的推销员
索取号:B848.4/A7601
 
预约/预借
| 序号 | 登录号 | 条形码 | 馆藏地/架位号 | 状态 | 备注 |
| 1 | 374983 | 203749836 | 社科库509/ [索取号:B848.4/A7601] | 在馆 | |
| 2 | 374984 | 203749845 | 社科库509/ [索取号:B848.4/A7601] | 在馆 | |
| 3 | 374985 | 203749854 | 社科库509/509社科库 42排1列3层/ [索取号:B848.4/A7601] | 在馆 | |
| 4 | 376025 | 203760251 | 社科库509/509社科库 42排1列3层/ [索取号:B848.4/A7601] | 在馆 | |
| 5 | 376026 | 203760260 | 社科库509/422社科库 44排3列2层/ [索取号:B848.4/A7601] | 在馆 | |
| 6 | 376027 | 203760279 | 社科库509/509社科库 42排1列3层/ [索取号:B848.4/A7601] | 在馆 | |
| 7 | 421034 | 204210344 | 社科库509/ [索取号:B848.4/A7601] | 在馆 | |
| 8 | 421035 | 204210353 | 社科库509/509社科库 42排1列3层/ [索取号:B848.4/A7601] | 在馆 | |
| 9 | 421036 | 204210362 | 社科库509/422社科库 44排3列2层/ [索取号:B848.4/A7601] | 在馆 |